00278nam a2200073Ia 4500008004100000082000800041100004000049245011500089240331s9999 xx 000 0 und d bMOV aThe Sri Lanka Women's NGO Forum. ed 0aMoving forward towards the 21st century :ba handbook on implementing the Beijing platform for action on women